Propuesta de adaptación y mitigación ante los efectos del cambio: en el punto crítico El Guayabo del proyecto vial camino Granada - Malacatoya

El presente proyecto se desarrolla con el fin de promover la planificación preventiva mediante la adaptación de la infraestructura vial ante el cambio climático, introduciendo los conceptos de vulnerabilidad y riesgo en el desarrollo estratégico del proyecto.

Bibliographic Details
Main Authors: Conrado Logo, José Carlos, Morales Huembes, Armando José, Campos Alvarado, Manuel de Jesús
Other Authors: Tutor: Jiménez Padilla, Juliana
Format: Tesis Section = Libro
Language:Undetermined
Spanish
Published: Managua, Nicaragua UNI 2018
Subjects:
LEADER 01484nam a2200325Ia 4500
008 240830s9999 xx 000 0 und d
040 |a BIBLIOTECA-RUSB/ M.Mon 363.34 C754 
041 |a spa 
082 |a M.Mon 363.34 C754 
100 1 |a Conrado Logo, José Carlos 
100 1 |b Morales Huembes, Armando José 
100 1 |c Campos Alvarado, Manuel de Jesús 
245 1 0 |a Propuesta de adaptación y mitigación ante los efectos del cambio: en el punto crítico El Guayabo del proyecto vial camino Granada - Malacatoya 
260 |a Managua, Nicaragua  |b UNI  |c 2018 
300 |a 102 p. :il. 
502 |a Tesis (Especialista en Mitigación y Adaptación al cambio climático aplicado a la infraestructura vial.) - UNI, 2018. 
520 3 |a El presente proyecto se desarrolla con el fin de promover la planificación preventiva mediante la adaptación de la infraestructura vial ante el cambio climático, introduciendo los conceptos de vulnerabilidad y riesgo en el desarrollo estratégico del proyecto. 
650 7 |a CAMBIO CLIMÁTICOS – ASPECTOS AMBIENTALES 
650 7 |b  FENÓMENOS CLIMÁTICOS 
650 7 |c  DESASTRES NATURALES 
650 7 |d  EFECTOS DE LOS DESASTRES NATURALES 
650 7 |e  VULNERABILIDAD 
650 7 |f  INCLINACIONES 
650 7 |g  DESLIZAMIENTO 
650 7 |h  POLÍTICAS AMBIENTALES 
650 7 |i  PROTECCIÓN DEL MEDIO AMBIENTE 
700 1 |a Tutor:  |b Jiménez Padilla, Juliana 
942 |c BK  |2 ddc 
991 |a TESIS 
999 |c 19247